000 01299nam a2200325 c 4500
001 3090
003 ES-MaCES
005 20150929124556.0
008 950621s1995 sp ||| | spa d
035 _aCES19980031138m
040 _aES-MaCES
_bspa
_cES-MaCES
110 1 _aEspaña
_bMinisterio de Obras Públicas, Transportes y Medio Ambiente
_93261
245 1 0 _aConvenio de colaboración entre el Ministerio de Obras Públicas, Transportes y Medio Ambiente (M.O.P.T.M.A.), el Ministerio de Industria y Energía (M.I.N.E.R) y el Instituto de Crédito Oficial (I.C.O.) para la mejora del medio ambiente a través de una línea de crédito
260 _a[Madrid?]
_b[s.n.]
_c1995
300 _a23 h.
_c30 cm
500 _aFotocopia
541 _cGratuito
610 2 4 _aInstituto de Crédito Oficial (España)
_94133
650 4 _aconservación de la naturaleza
_928754
650 4 _aprotección ambiental
_929423
650 4 _apolítica ambiental
_929422
653 1 0 _aMedio ambiente
650 4 _928078
_aayuda estatal
650 4 _928107
_acrédito
710 1 _aEspaña
_bMinisterio de Industria y Energía
_93250
710 2 _aInstituto de Crédito Oficial (España)
_94133
902 _aDOC Literatura gris
942 _2CES
_cBK
_h4.2.
999 _c3090
_d3090